Mixed Word: Tons of FUN Quiz Stats

 Plays Quiz Updated Apr 15, 2012

Support Sporcle.
Go Orange.
Score 0/16 Timer 04:00
0 Plays Today
Scambled word FUN word % Correct
NUFFUN
100%
UKNFFUNK
99.2%
UUGFSNFUNGUS
68.6%
ELFNUNFUNNEL
65.7%
FENURDREFUND
61.1%
FYNUNUNUNFUNNY
47.5%
UUDFSNFUNDUS
37.7%
UNARELFFUNERAL
36%
Scambled word FUN word % Correct
FARINUFFUNFAIR
34.7%
TDCFNEUDEFUNCT
30.3%
LTANEMTSDIAUNFFUNDAMENTALIST
26.2%
NFITCUSYONDDYSFUNCTION
14.2%
DISFURANEFUNDRAISE
8.5%
ECYRROTNUPFPERFUNCTORY
7%
FLATINNUCOMMALFUNCTION
4.4%
FRYDINOPUTPROFUNDITY
3.8%

From the Vault

TV Shows in 8 Words

by giveupyet

We just like to make it nice and simple for you at Sporcle.
Remove Ads.
Support Sporcle.
Get the best of Sporcle when you Go Orange. This ad-free experience offers more features, more stats, and more fun while also helping to support Sporcle. Thank you for becoming a member.

Show Comments

Extras

Top Quizzes Today


Score Distribution

Your Account Isn't Verified!

In order to create a playlist on Sporcle, you need to verify the email address you used during registration. Go to your Sporcle Settings to finish the process.

Report this User

Report this user for behavior that violates our Community Guidelines.

Details: